|
|
|
|
| LEADER |
00000nab a2200000 a 4500 |
| 001 |
vtls000162284 |
| 003 |
SK-MaSNL |
| 005 |
20260303195523.0 |
| 008 |
111104c1983 xo 0 slo |
| 015 |
|
|
|a SNBRB19rr/mm-uuuuu
|
| 035 |
|
|
|a CL0172395
|
| 040 |
|
|
|a SNKBUCL
|b slo
|c SNKBUCL
|e AACR2
|
| 041 |
0 |
|
|a slo
|
| 044 |
|
|
|a xo
|c SK
|
| 080 |
|
|
|a 329.15(437.6)KSS
|2 1981
|
| 100 |
1 |
|
|a (ela)
|4 aut
|9 855197
|
| 245 |
1 |
0 |
|a Obnoviť dynamiku živočíšnej výroby
|b Rokoval OV KSS v Michalovciach
|c (ela)
|
| 610 |
2 |
7 |
|a Komunistická strana Slovenska
|2 snkbucl
|9 30182
|
| 651 |
|
7 |
|a 5405
|2 snkbucl
|9 283235
|
| 655 |
|
7 |
|a články z novín a časopisov
|2 snkbucl
|9 267496
|
| 773 |
0 |
|
|t Východoslovenské noviny
|g Roč. 32, č. 244 (15. 10. 1983), s. 1-2
|
| 850 |
|
|
|a Slovenská národná knižnica v Martine
|a MTA001
|
| 852 |
|
|
|a SNK
|b KIS3GCP
|
| 958 |
|
|
|a RK
|
| 992 |
|
|
|a RBX
|
| 999 |
|
|
|c 2163313
|d 2165243
|